00987cam a22003494i 4500003000900000005001700009008004100026020001500067035002700082040003300109082001900142245008300161264005200244300003800296336002100334337002500355338002300380505006600403526001000469526001000479526001000489526001000499526000800509526000800517526000800525526000800533526000800541526000800549526000800557630004600565700002600611PE-LiUPU20250731173144.0150623s1998 enk r 000 0 eng d a0521485932 a(Sirsi) i9780521485937 aPE-LiUPUbspacPE-LiUPUerda04a220.6bC2222104aThe cambridge companion to biblical interpretation /ceditado por John Barton. 1aCambridge :bCambridge University Press,c1998. a338 páginas ;c23 centímetros atext2rdacontent aunmediated2rdamedia avolume2rdacarrier0 aLines of approach -- Biblical bools in modern interpretation. aSEG42 aSEG41 aSEG40 aSEG39 aP94 aP87 aP86 aP85 aP77 aP76 aP35 aBibliaxCrítica, interpretación, etc.1 aBarton, John,d1948-.